000 00519nam a22001937a 4500
003 OSt
005 20170328175923.0
008 170328b xxu||||| |||| 00| 0 eng d
020 _a9788185790381
040 _cDMLN
082 _aQV746 P211i 2009
100 _aParadkar, Anant R.
_911995
245 _aIntroduction to Pharmaectical Engineering
260 _aMumbai; Nirali Prakashan, 2007
300 _a340p;ill: 26cm
504 _aIndex included
650 _aPharmaceutical engineering
_911988
942 _2z
_cSLOAN
999 _c5769
_d5769